Normal view
MARC view
- Hunza , Pakistan
Entry Topical Term
001 - CONTROL NUMBER
- control field: 108718
003 - CONTROL NUMBER IDENTIFIER
- control field: NUST
005 - DATE AND TIME OF LATEST TRANSACTION
- control field: 20230208095000.0
008 - FIXED-LENGTH DATA ELEMENTS
- fixed length control field: 230208|| aca||aabn | a|a d
040 ## - CATALOGING SOURCE
- Original cataloging agency: NUST
- Transcribing agency: NUST
150 ## - HEADING--TOPICAL TERM
- Topical term or geographic name entry element: Hunza , Pakistan
670 ## - SOURCE DATA FOUND
- Source citation: Work cat.: (NUST)187471: Mons, Barbara 108717, High Road To Hunza /
